Análisis y diseño de un edificio de dos niveles para estacionamiento vehicular.

Presenta el análisis y diseño de un edificio de dos niveles para estacionamiento vehicular en el cual se realizó un análisis que proporciono el diseño de las losas de entrepiso por el método de las líneas de influencia a través del software de análisis SAP – 2000, se diseñaron los elemento...

Full description

Bibliographic Details
Main Authors: Tinoco Mendoza, Francisco Javier, García Ortiz, Harold Manuel
Other Authors: Tutor: Sampson Munguía, Juan Alberto
Format: Tesis Section = Libro
Language:Undetermined
Spanish
Published: Managua UNI 2015
Subjects:
LEADER 01332nam a2200277Ia 4500
008 240830s9999 xx 000 0 und d
040 |a BIBLIOTECA-RUPAP Mon 624.17 T591 
041 |a spa 
082 |a Mon 624.17 T591 
100 1 |a Tinoco Mendoza, Francisco Javier 
100 1 |b  García Ortiz, Harold Manuel 
245 1 0 |a Análisis y diseño de un edificio de dos niveles para estacionamiento vehicular. 
260 |a Managua  |b UNI  |c 2015 
300 |a 149 p. :il. 
500 |a Contiene: anexos e Incluye: CD. 
502 |a Tesis (Ingeniero Civil)- UNI, 2015. 
520 3 |a Presenta el análisis y diseño de un edificio de dos niveles para estacionamiento vehicular en el cual se realizó un análisis que proporciono el diseño de las losas de entrepiso por el método de las líneas de influencia a través del software de análisis SAP – 2000, se diseñaron los elementos estructurales aplicando los conocimientos adquiridos en la carrera de ingeniería civil. 
650 7 |a ANALISIS Y DISEÑO DE ESTRUCTURAS – EDIFICIOS 
650 7 |b ANALISIS ESTRUCTURAL 
650 7 |c SISTEMA ESTRUCTURAL – MARCOS DE CONCRETO 
650 7 |d FUERZA SISMICA 
650 7 |e DISEÑO ESTRUCTURAL – METODO ESTATICO 
700 1 |a Tutor:  |b Sampson Munguía, Juan Alberto 
942 |c BK  |2 ddc 
991 |a TESIS 
999 |c 15865